000
00325 a2200109 4500
001
ART_51336
005
20260410161649.0
008
260409a
245
1
0
_a
Señas o anticipos que congelan precios
100
1
_a
Bechara, Fabián
773
0
_t
Consultor tributario
_g
- Año 14, N° 163 (sep. 2020)
_w
REV474
999
_c
14068
_d
14068